Central Library OPAC University of Rajshahi

An introduction to logic and scientific method / (Record no. 31151)

MARC details
000 -LEADER
fixed length control field 00992cam a22003011 4500
001 - CONTROL NUMBER
control field 31151
003 - CONTROL NUMBER IDENTIFIER
rucl marc code BD-RjUL
005 - DATE AND TIME OF LATEST TRANSACTION
control field 20211209051651.0
008 - FIXED-LENGTH DATA ELEMENTS--GENERAL INFORMATION
fixed length control field 140413r19781958ii a b 001 0 eng
035 ## - SYSTEM CONTROL NUMBER
System control number (BD-RjUL)31238
System control number (OCoLC)13315317
040 ## - CATALOGING SOURCE
Original cataloging agency DLC
Transcribing agency NRU
Modifying agency NRU
-- DLC
-- BD-RjUL
Language of cataloging eng
041 ## - LANGUAGE CODE
Language code of text/sound track or separate title eng
082 ## - DEWEY DECIMAL CLASSIFICATION NUMBER
Classification number 160
Author mark and year COI 1978
100 1# - MAIN ENTRY--PERSONAL NAME
Personal name Cohen, Morris Raphael.
Dates associated with a name 1880-1947.
9 (RLIN) 5688
245 13 - TITLE STATEMENT
Title An introduction to logic and scientific method /
Statement of responsibility, etc. by Morris R. Cohen and Ernest Nagel.
260 ## - PUBLICATION, DISTRIBUTION, ETC. (IMPRINT)
Place of publication, distribution, etc. New Delhi :
Name of publisher, distributor, etc. Allied,
Date of publication, distribution, etc. 1968 [Reprint 1978].
300 ## - PHYSICAL DESCRIPTION
Pagination xii (i.e. xiv), 3-467 p. :
Illustrations diagrs. ;
Size 19 cm.
504 ## - BIBLIOGRAPHY, ETC. NOTE
Bibliography, etc Includes bibliographies & Index.
650 #0 - SUBJECT ADDED ENTRY--TOPICAL TERM
Topical term or geographic name as entry element Logic.
9 (RLIN) 94744
Topical term or geographic name as entry element Methodology.
9 (RLIN) 94745
Topical term or geographic name as entry element Logic
General subdivision Study and teaching.
9 (RLIN) 53639
700 1# - ADDED ENTRY--PERSONAL NAME
Personal name Nagel, Ernest,
Dates associated with a name 1901-1985,
Relator term joint author.
710 2# - ADDED ENTRY--CORPORATE NAME
Corporate name or jurisdiction name as entry element United States Armed Forces Institute.
9 (RLIN) 53640
942 ## - ADDED ENTRY ELEMENTS (KOHA)
Source of classification or shelving scheme Dewey Decimal Classification
Koha item type Books
Holdings
Lost status Source of classification or shelving scheme Damaged status Not for loan Collection code Permanent Location Current Location Shelving location Date acquired Source of acquisition Cost, normal purchase price Total Checkouts Full call number Date last seen Copy number Koha item type
  Dewey Decimal Classification   Not For Loan Non-fiction Central Library, University of Rajshahi Central Library, University of Rajshahi Reading Room 07/07/1982 Aligrah Lib. Dhaka. 60.00   160 COI 1978 13/04/2014 C-1 Books